Transport phenomena

Gorde:
Xehetasun bibliografikoak
Egile Nagusiak: Bird, Robert Byron (Egilea), Stewart, Warren E (Egilea)
Beste egile batzuk: Lightfoot, Edwin N. (autor)
Formatua: Liburua
Hizkuntza:ingelesa
Argitaratua: Nueva York John Wiley 1960
Gaiak:
Etiketak: Etiketa erantsi
Etiketarik gabe, Izan zaitez lehena erregistro honi etiketa jartzen!

MARC

LEADER 00000nam a2200000 a 4500
001 UCU3712
003 CL-VaPUC
008 960510e19600000US |||||||||||||||||eng|d
082 0 4 |a 530.138  |b BIR  |2 21 
100 0 |a Bird, Robert Byron  |e author  |9 360810 
700 0 |a Stewart, Warren E  |e author  |9 360811 
700 |a Lightfoot, Edwin N.  |e autor  |9 472853 
245 1 0 |a Transport phenomena 
300 |a 780 p 
942 |c BK 
945 |d 19960510 00:00:00  |a paguirre 
260 |a Nueva York  |b John Wiley  |c 1960 
650 0 |a Mecánica de fluidos   |9 259464 
650 0 |a Viscosidad  |9 260583 
650 0 |a Estados de la Materia  |9 347141 
650 0 |a Energía   |9 259431 
650 0 |a Gases  |9 260945 
650 0 |a Líquidos  |9 260946 
583 |a last modification  |c 19960510 00:00:00  |k Rodrigo Vera 
999 |c 247629  |d 247627